000 01110nam a22002177a 4500
999 _c63428
_d63428
003 Ge_BSU
005 20251008142130.0
008 251008s2024 ge ||||| |||| 00| 0 geo d
020 _a9789941383229
041 _ageo
080 _a395.6 რ-38
100 _aრეიბორნი, ტიმ
_925959
245 _aბიზნეს ეტიკეტი :
_bსაქმიანი ურთიერთობების გზამკვლევი /
_cტიმ რეიბორნი; მთარგმნელი გ. დოლიძე; რედ. ზ. აბაშიძე, ნ. ბარბაქაძე და სხვ.
264 _aთბილისი :
_bპალიტრა L,
_c2024.
300 _a233 გვ. ;
_b21 სმ.
653 _aბიზნეს ეტიკეტი
700 _a დოლიძე, გ.
_eმთარგმნელი
_925960
700 _aაბაშიძე, ზ.
_eრედაქტორი
_925961
700 _aბარბაქაძე, ნ. და სხვ.
_eრედაქტორი
_921034
942 _2udc
_cᲬᲘᲒᲜᲘ